000 00460nam a22001817a 4500
003 MPLRDC
005 20220104114215.0
008 210129b ||||| |||| 00| 0 eng d
020 _a7-211-00289-1
082 _a782.29 SHKX
100 _a社会科学战线编辑部编
245 _a古代历中人物论评
_c
250 _a一版一刷
260 _a
_b福建人民出版社
_c1987
300 _b
650 _a中国传记
942 _cBK
_o782.29 SHKX
999 _c5669
_d5659